Optimización lineal: una mirada introductoria
I tiakina i:
| Kaituhi matua: | |
|---|---|
| Hōputu: | Pukapuka |
| Reo: | Pāniora |
| I whakaputaina: |
Santiago
J. C. Sáez
2011
|
| Putanga: | 1a. ed |
| Rangatū: | Herramientas para la Formación de Profesores de Matemáticas, 4
|
| Ngā marau: | |
| Ngā Tūtohu: |
Tāpirihia he Tūtohu
Kāore He Tūtohu, Me noho koe te mea tuatahi ki te tūtohu i tēnei pūkete!
|
MARC
| LEADER | 00000cam a2200000 a 4500 | ||
|---|---|---|---|
| 001 | UCG7548 | ||
| 003 | CL-VaPUC | ||
| 008 | 110812e20110000CL |||||||||||||||||spa|d | ||
| 020 | |a 9789563060706 | ||
| 082 | 0 | 4 | |a 519.3 |b FLO |2 21 |
| 100 | 0 | |a Flores Bazán, Fabián |e author |9 558119 | |
| 245 | 1 | 0 | |a Optimización lineal: una mirada introductoria |
| 250 | |a 1a. ed | ||
| 300 | |a 171 p | ||
| 942 | |c BK | ||
| 945 | |d 20110812 00:00:00 |a dcastane | ||
| 260 | |a Santiago |b J. C. Sáez |c 2011 | ||
| 650 | 0 | |a Optimización matemática |9 259780 | |
| 650 | 0 | |a Teoría de juegos |9 263826 | |
| 583 | |a last modification |c 20121108 09:48:39 |k Rodrigo Vera | ||
| 490 | 0 | |a Herramientas para la Formación de Profesores de Matemáticas, 4 | |
| 999 | |c 345414 |d 345412 | ||
| 952 | |0 0 |1 0 |4 0 |6 519_300000000000000_FLO_2011 |7 0 |8 A |9 444118 |a BIBMAT |b BIBMAT |c E_DIDACT |d 2019-11-22 |i 4788869 |o 519.3 FLO 2011 |p 4788869 |r 2025-01-07 |w 2019-11-22 |y BK |k MAT | ||
| 952 | |0 0 |1 0 |4 0 |6 519_300000000000000_FLO_2011 |7 0 |8 A |9 444119 |a BIBMAT |b BIBMAT |c E_DIDACT |d 2019-11-22 |i 4922662 |o 519.3 FLO 2011 |p 4922662 |r 2025-01-07 |w 2019-11-22 |y BK |k MAT | ||
| 952 | |0 0 |1 0 |4 0 |6 519_300000000000000_FLO_2011 |7 0 |8 A |9 444120 |a BIBMAT |b BIBMAT |c E_DIDACT |d 2019-11-22 |i 4922670 |o 519.3 FLO 2011 |p 4922670 |r 2025-01-07 |w 2019-11-22 |y BK |k MAT | ||